000 00293nam a2200121Ia 4500
008 190216s9999||||xx |||||||||||||| ||und||
100 _a"Khanna Bs, Pandey Im&Amp; Ahuja Gk"
245 0 _aPractical Costing
260 _bS Chand & Co
_c1978
300 _a688p
650 _aCommerce
942 _cBK
999 _c5118
_d5118